Agrární vzdělávání ve Finsku

Štruktúra fínskej vzdelávacej sústavy. Medzinárodná spolupráca Fínska s krajinami strednej a východnej Európy v oblasti vzdelávania pracovníkov v poľnohospodárstve. Učebné programy pre farmárov a poľnohospodárskych pracovníkov.

Saved in:
Bibliographic Details
Main Author: Jeníček, Vladimír
Format: Book Chapter
Language:Czech
Subjects:
Tags: Add Tag
No Tags, Be the first to tag this record!

MARC

LEADER 00000naa a2200000 4500
001 r017211
005 20221208131558.8
041 0 |a cze 
044 |a CZ 
245 1 0 |a Agrární vzdělávání ve Finsku  |c Vladimír Jeníček 
520 |a Štruktúra fínskej vzdelávacej sústavy. Medzinárodná spolupráca Fínska s krajinami strednej a východnej Európy v oblasti vzdelávania pracovníkov v poľnohospodárstve. Učebné programy pre farmárov a poľnohospodárskych pracovníkov. 
610 2 0 |a vzdelávanie 
610 2 0 |a školy odborné 
610 2 0 |a poľnohospodárstvo 
610 2 0 |a Fínsko 
610 2 0 |a stredná Európa 
610 2 0 |a východná Európa 
610 2 0 |a kurzy 
610 2 0 |a vzdelávanie permanentné 
610 2 0 |a školy vysoké 
610 2 0 |a univerzity 
100 1 |a Jeníček, Vladimír